drag race 14 - Statistics

General Stats
  • This quiz has been taken 30 times
  • The average score is 12 of 14
Answer Stats
Hint Answer % Correct
winner willow pill
100%
3/4/5 angeria
96%
3/4/5 bosco
96%
3/4/5 daya betty
96%
2nd lady camden
96%
12th kornbread
88%
6/7 jorgeous
85%
6/7 deja skye
81%
8th jasmine kennedie
81%
14th june jambalaya
77%
11th orion story
77%
9th kerri colby
73%
13th alyssa hunter
69%
10th maddy morphosis
69%
No matching quizzes found
Score Distribution
Percent of People with Each Score
Percentile by Number Answered
Your Score History
You have not taken this quiz